000 00351nam a2200133Ia 4500
008 151001s9999||||xx |||||||||||||| ||und||
100 _aओमप्रकाश कश्यप
245 _aविजयपथ
250 _a1
260 _bमित्तल एंड सन्स
260 _c2007
300 _a168
365 _b21
999 _c992576
_d992573